Educational problems of children / (Record no. 128079)
[ view plain ]
| 000 -LEADER | |
|---|---|
| fixed length control field | 00646nam a22002177a 4500 |
| 005 - DATE AND TIME OF LATEST TRANSACTION | |
| control field | 20170124110034.0 |
| 010 ## - LIBRARY OF CONGRESS CONTROL NUMBER | |
| LC control number | 674691 |
| 020 ## - INTERNATIONAL STANDARD BOOK NUMBER | |
| Terms of availability | 2.00 |
| 035 ## - SYSTEM CONTROL NUMBER | |
| System control number | 674691 |
| 037 ## - SOURCE OF ACQUISITION | |
| Source of stock number/acquisition | Cen Lib/Ret |
| 040 ## - CATALOGING SOURCE | |
| Original cataloging agency | DPL |
| Language of cataloging | EN |
| 082 ## - DEWEY DECIMAL CLASSIFICATION NUMBER | |
| Classification number | 370.15 |
| Item number | EDU |
| 245 ## - TITLE STATEMENT | |
| Title | Educational problems of children / |
| Statement of responsibility, etc | compiled by A. K. Sahni |
| 260 ## - PUBLICATION, DISTRIBUTION, ETC. (IMPRINT) | |
| Place of publication, distribution, etc | Delhi |
| Name of publisher, distributor, etc | Parent Teacher Association of India |
| Date of publication, distribution, etc | 1972 |
| 270 ## - ADDRESS | |
| City | Delhi |
| Postal code | 110007 |
| Address | C-1/25-26, Malka Ganj |
| 300 ## - PHYSICAL DESCRIPTION | |
| Extent | 216p. |
| Dimensions | 18cm(Hb) |
| 650 ## - SUBJECT ADDED ENTRY--TOPICAL TERM | |
| Topical term or geographic name as entry element | Education |
| 9 (RLIN) | 1169 |
| 650 ## - SUBJECT ADDED ENTRY--TOPICAL TERM | |
| Topical term or geographic name as entry element | Children with disabilities--Education |
| 9 (RLIN) | 22345 |
| 700 ## - ADDED ENTRY--PERSONAL NAME | |
| Personal name | Sahni, A. K. |
| 9 (RLIN) | 22346 |
| 942 ## - ADDED ENTRY ELEMENTS (KOHA) | |
| Source of classification or shelving scheme | Dewey Decimal Classification |
| Koha item type | English Books |
| Classification part | 370.15 |
| Call number suffix | EDU |
| Withdrawn status | Lost status | Damaged status | Not for loan | Home library | Current library | Date acquired | Source of acquisition | Cost, normal purchase price | Total Checkouts | Full call number | Barcode | Date last seen | Copy number | Cost, replacement price | Price effective from | Koha item type |
|---|---|---|---|---|---|---|---|---|---|---|---|---|---|---|---|---|
| Withdrawn | Central Library | Central Library | 01/07/2015 | Cen Lib/Ret | 2.00 | 370.15 EDU | 674691 | 01/07/2015 | 1 | 2.00 | 01/07/2015 | English Books |
